Geography Quiz

Random Geography or World Quiz

Mountainous Match Game Quiz Stats

Quiz Updated Sep 9, 2015

Also try: Mountain Countries
Challenge
Share
Tweet
Embed
Score 0/40 Timer 10:00
69 Plays Today
% Correct
Mount Fuji
88.6%
Alps
85%
Andes
82%
Ararat
80.4%
K2
79.8%
Mount Olympus
79.2%
Pyrenees
76.6%
Himalaya(s)
72.7%
Vesuvius
65.7%
Mont Blanc
63.9%
Mount Etna
63.5%
Mount Kenya
62.8%
Atlas Mountains
62.5%
Urals
61.6%
Krakatoa (Krakatau)
60%
Sierra Madre
55.3%
Mount Logan
54%
Carpathian Mountains
52.8%
Pennine Alps
52.7%
Ben Nevis
51.4%
% Correct
Caucasus
50.1%
Popocatepetl
49.6%
Mount Cook
49.5%
Matterhorn
49.5%
Springer Mountain
44.6%
Stromboli
44.2%
Mauna Kea
43.7%
Apennines
43.6%
Mount Pinatubo
43.3%
Hindu Kush
40.1%
Pennines (Pennine Chain)
39.8%
Balkans
39.3%
Bulshaia Gora
39.3%
Jungfrau
32%
Cotopaxi
31.3%
Mount Kanchenjunga
29.4%
Chimborazo
27.3%
Annapurna
26.7%
Mount Katahdin
25.5%
Mount Makalu
12%

You're not logged in!

Compare scores with friends on all Sporcle quizzes.
Sign Up with Email
OR
Log In

You Might Also Like...

Show Comments

Extras

Top Quizzes Today


Score Distribution

Your Account Isn't Verified!

In order to create a playlist on Sporcle, you need to verify the email address you used during registration. Go to your Sporcle Settings to finish the process.